Je transmets mon entreprise

Bibliographic Details
Main Author: Minon, Franȯis
Other Authors: Henfling, Pierre
Format: Unknown
Language:French
Published: Lig̈e : Edipro, 2008
Online Access:Acceso restringido

MARC

LEADER 00000ny a22000003n 4500
005 20110628112511.0
008 090127s2008 be a sb 000 0 fre c
020 |a 2930287071 
035 |a 2414 
040 |a UMA.RE  |d vLex 
080 |a 347.65(0.034) 
080 |a 347.7(0.034) 
090 |c 1153  |d 1153 
100 1 |a Minon, Franȯis 
245 1 0 |a Je transmets mon entreprise  |h [Recurso electrn̤ico]  |c Franȯis Minon, Pierre Henfling  
256 |a Servicio en ln̕ea 
260 |a Lig̈e :   |b Edipro,   |c 2008 
506 1 |a Contenido solo disponible en los productos indicados  |d vLex Global  |d vLex Global (Academic Edition, excluding Law Schools)  |d vLex Global (U.S. Academic Edition, Law Schools)  |d vLex Global (U.S. Academic Edition, excluding Law Schools)  |d vLex Global (Academic Edition, Law Schools) 
700 1 |a Henfling, Pierre 
740 0 |a vLex Libros (Servicios en ln̕ea) 
856 4 0 |u http://vlex.com/source/2414  |z Acceso restringido 
942 |c BOOK